000
00221 a2200085 4500
020
_a
9783868597431
100
_a
Peter Eckart
245
_a
Mobility Design: Shaping Future Mobility Volume 2: Research
260
_b
JOVIS
_c
2023
999
_c
13609
_d
13609